स्वतंत्रता सेनानीःराजा महेन्द्र प्रताप / (Record no. 89886)

MARC details
000 -LEADER
fixed length control field 01332nam a22002177a 4500
005 - DATE AND TIME OF LATEST TRANSACTION
control field 20180411115320.0
010 ## - LCCN (DPL NO)
LC control number HIN-103999 B-689732-733
020 ## - INTERNATIONAL STANDARD BOOK NUMBER
International Standard Book Number 9788175660823
Terms of availability 350.00
035 ## - SYSTEM CONTROL NUMBER
System control number HN-76345
037 ## - SOURCE OF ACQUISITION
Source of stock number/acquisition DBAD / PUB
082 ## - DEWEY DECIMAL CLASSIFICATION NUMBER
Classification number 921
100 ## - MAIN ENTRY--PERSONAL NAME
Personal name रघुवीर सिंह 'अरविन्द'
245 ## - TITLE STATEMENT
Title स्वतंत्रता सेनानीःराजा महेन्द्र प्रताप /
Statement of responsibility, etc रघुवीर सिंह 'अरविन्द'
246 ## - VARYING FORM OF TITLE
Title proper/short title Swatantrata senani:raja Mahendra Pratap
Remainder of title by Raghuveer Singh ' Arvind'
260 ## - PUBLICATION, DISTRIBUTION, ETC. (IMPRINT)
Place of publication, distribution, etc दिल्ली
Name of publisher, distributor, etc अविराम प्रकाशन
Date of publication, distribution, etc 2017
270 ## - ADDRESS
City दिल्ली
Address 29/61, गली नं-11, विश्वास नगर
Postal code 110032
Telephone number 09873072424
300 ## - PHYSICAL DESCRIPTION
Extent 152पृ.
Dimensions 22 सेमी.(सजिल्द)
500 ## - GENERAL NOTE
General note बलिदानी पुस्तक
942 ## - ADDED ENTRY ELEMENTS (KOHA)
Source of classification or shelving scheme Dewey Decimal Classification
Item type Hindi Books
Classification part 921
Call number suffix रघुवी
Holdings
Withdrawn status Lost status Not for loan Collection code Home library Current library Date acquired Source of acquisition Cost, normal purchase price Full call number Barcode Copy number Cost, replacement price Koha item type Public note
      Non-fiction Central Library Central Library 11/04/2018 राष्ट्रीय हिन्दी साहित्य परिषद/1946/18/28-02-18/850/20-02-18/01-03-18 350.00 921 रघुवी B-689732 1 350.00 Hindi Books बलिदानी
    Not For Loan Non-fiction D.B.Act.Division D.B.Act.Division 10/11/2014 DBAD / PUB 350.00 921 राजाम HN-76345 1 350.00 Hindi Books  
      Non-fiction Sarojini Nagar Sarojini Nagar 11/04/2018 राष्ट्रीय हिन्दी साहित्य परिषद/1946/18/28-02-18/850/20-02-18/01-03-18 350.00 921 रघुवी B-689733 1 350.00 Hindi Books बलिदानी

© Delhi Public Library
Hit Counter
free hit counter